Fundamentals of electric circuits / (Record no. 194872)
[ view plain ]
| 000 -LEADER | |
|---|---|
| fixed length control field | 00739 a2200217 4500 |
| 003 - CONTROL NUMBER IDENTIFIER | |
| control field | Nust |
| 005 - DATE AND TIME OF LATEST TRANSACTION | |
| control field | 20230202075808.0 |
| 010 ## - LIBRARY OF CONGRESS CONTROL NUMBER | |
| LC control number | 2011025116 |
| 020 ## - INTERNATIONAL STANDARD BOOK NUMBER | |
| International Standard Book Number | 9780073380575 (alk. paper) |
| 040 ## - CATALOGING SOURCE | |
| Transcribing agency | Nust |
| 082 00 - DEWEY DECIMAL CLASSIFICATION NUMBER | |
| Classification number | 621.31924,ALE |
| 100 1# - MAIN ENTRY--PERSONAL NAME | |
| Personal name | Alexander, Charles K. |
| 9 (RLIN) | 83822 |
| 245 10 - TITLE STATEMENT | |
| Title | Fundamentals of electric circuits / |
| Statement of responsibility, etc. | Charles K. Alexander, Matthew N. O. Sadiku. |
| 250 ## - EDITION STATEMENT | |
| Edition statement | 3rd ed. |
| 260 ## - PUBLICATION, DISTRIBUTION, ETC. | |
| Place of publication, distribution, etc. | New York, NY : |
| Name of publisher, distributor, etc. | McGraw-Hill, |
| Date of publication, distribution, etc. | c2013. |
| 300 ## - PHYSICAL DESCRIPTION | |
| Extent | xxii, 905, [64] p. : |
| Other physical details | ill. (chiefly col.) ; |
| Dimensions | 27 cm. |
| 505 ## - FORMATTED CONTENTS NOTE | |
| Formatted contents note | Part.1 DC Circuits (Page-2), Part.2 AC Circuits (Page-368), Part.3 Advanced Circuit Analysis (Page-674). |
| 650 #0 - SUBJECT ADDED ENTRY--TOPICAL TERM | |
| Topical term or geographic name entry element | Electric circuits. |
| 9 (RLIN) | 10997 |
| 700 1# - ADDED ENTRY--PERSONAL NAME | |
| Personal name | Sadiku, Matthew N. O. |
| 942 ## - ADDED ENTRY ELEMENTS (KOHA) | |
| Source of classification or shelving scheme | |
| Koha item type | Book |
| Withdrawn status | Lost status | Source of classification or shelving scheme | Damaged status | Not for loan | Permanent Location | Current Location | Shelving location | Date acquired | Total Checkouts | Full call number | Barcode | Checked out | Date last seen | Date last checked out | Price effective from | Koha item type | Public note |
|---|---|---|---|---|---|---|---|---|---|---|---|---|---|---|---|---|---|
| Military College of Signals (MCS) | Military College of Signals (MCS) | General Stacks | 12/12/2016 | 13 | 621.31924,ALE | MCS36745 | 02/19/2026 | 01/20/2026 | 01/20/2026 | 12/12/2016 | Book | Almirah No.30, Shelf No.2 | |||||
| Military College of Signals (MCS) | Military College of Signals (MCS) | General Stacks | 12/12/2016 | 25 | 621.31924,ALE | MCS36746 | 06/11/2026 | 05/12/2026 | 05/12/2026 | 12/12/2016 | Book | Almirah No.30, Shelf No.2 |
